000 00918nam a2200253Ia 4500
003 OSt
005 20221005104930.0
006 a|||||r|||| 00| 0
007 ta
008 221004b |||||||| |||| 00| 0 hin d
020 _a9788185999708 (hbk)
_c395
024 _a100223
037 _b365, 04/03/2010, Swaraj Prakashan
_cTextual
040 _aCRL
_cCRL
_bhin
041 _2hin
_ahin
082 _aO152,1J32:g, P8
100 _aपाण्डेय, रत्नाकर
245 0 _aअॅंधेरे का सूर्य तुलसीदास
246 _aAॅandhere kā sūrya tulasīdāsa
260 _aदिल्ली
_bस्वराज प्रकाशन भारत
_c2008
300 _a135पृ0
_ccm.
942 _hO152,1J32:g, P8
_cTEXL
_2cc
999 _c1014236
_d1014236